| 000 | 01423nam a2200313 i 4500 | ||
|---|---|---|---|
| 001 | 180978 | ||
| 003 | ES-MaACL | ||
| 005 | 20251014063254.0 | ||
| 008 | 120926s2011 sp aco |||| |dspa d | ||
| 080 | _a272(460)"1936/39" | ||
| 080 | _a929 Marticorena-Ruiz, José María | ||
| 080 | _a929 Marticorena-Ruiz, María Ángeles | ||
| 080 | _a94(460)"1936/39"(093.3) | ||
| 100 | 1 |
_aMarticorena-Ruiz, José María, _d1926- _9151440 |
|
| 245 | 1 | 0 |
_aMemoria histórica de dos niños de la guerra, María Ángeles y José María / _cJosemaría Marticorena-Ruiz. |
| 260 |
_a[S.l.] : _b[J.M. Marticorena-Ruiz], _c[2011] |
||
| 300 |
_a215 p. : _bil., fot. ; _c21 cm. |
||
| 504 | _aBibliografía: p. 203-204. | ||
| 505 | 8 | _aContiene: De Navarra a morir en Valencia - La Guerra Civil española y más de 200 años de persecución religiosa | |
| 600 | 1 | 7 |
_aMarticorena-Ruiz, José María, _d1926- _2 _9151440 |
| 600 | 1 | 7 |
_aMarticorena-Ruiz, María Ángeles, _d1928- _2 _9151441 |
| 650 | 7 |
_aPersecuciones religiosas- _zEspaña. _9141976 |
|
| 651 | 7 |
_aEspaña- _xHistoria- _y1936-1939, Guerra civil- _vRelatos personales. _98326 |
|
| 852 |
_aES-MaACL _jA-12201 _9 187859 _bR.147159 _cDEPO1 _dOlim: N-5206 _xDonación: del autor José María Marticorena-Ruiz |
||
| 903 |
_aMarticorena-Ruiz, José María, _d1926- _ednr _9151440 |
||
| 942 |
_2udc _cMONOGRAFIA |
||
| 999 |
_c180978 _d180978 |
||